L'Economie politique et les économistes (Record no. 139582)

MARC details
000 -LEADER
campo de control de longitud fija 00716nam a2200193 4500
001 - NÚMERO DE CONTROL
campo de control 139582
003 - IDENTIFICADOR DE NÚMERO DE CONTROL
campo de control ES-MaACL
005 - FECHA Y HORA DE LA ÚLTIMA TRANSACCIÓN
campo de control 20230906195839.0
007 - CAMPO FIJO DE DESCRIPCIÓN FÍSICA--INFORMACIÓN GENERAL
campo de control de longitud fija t|
008 - DATOS DE LONGITUD FIJA--INFORMACIÓN GENERAL
campo de control de longitud fija 070214s1917 fr r ||||1| fre d
100 1# - ENTRADA PRINCIPAL--NOMBRE DE PERSONA
Nombre de persona Schelle, Gustave.
9 (RLIN) 104287
245 12 - MENCIÓN DEL TÍTULO
Título L'Economie politique et les économistes
Resto del título : avec une introduction sur l'économique et la guerre /
Mención de responsabilidad, etc. par Gustave Schelle.
260 ## - PUBLICACIÓN, DISTRIBUCIÓN, ETC.
Lugar de publicación, distribución, etc. Paris :
Nombre del editor, distribuidor, etc. O. Doin et Fils,
Fecha de publicación, distribución, etc. 1917.
300 ## - DESCRIPCIÓN FÍSICA
Extensión XVIII, 396 p. ;
Dimensiones 18 x 12 cm.
490 1# - MENCIÓN DE SERIE
Mención de serie Encyclopédie scientifique. Bibliothèque d'économie politique ;
Designación de volumen o secuencia 2
830 0# - PUNTO DE ACCESO ADICIONAL DE SERIE-TÍTULO UNIFORME
Título uniforme Encyclopédie scientifique. Bibliothèque d'économie politique ;
Designación de volumen o secuencia 2
9 (RLIN) 187131
852 ## - LOCALIZACIÓN
Ubicación ES-MaACL
Número de control de estantería D-4446
Holdings
Estatus retirado Estado de pérdida Estado de daño No para préstamo Biblioteca de origen Biblioteca actual Ubicación en estantería Fecha de adquisición Fuente de adquisición Total de préstamos Signatura topográfica completa Código de barras Visto por última vez Precio de reemplazo Tipo de ítem Koha
        Biblioteca del Ateneo de Madrid Biblioteca del Ateneo de Madrid Sala Valle Inclán 17/01/2008     D-4446 901145256 23/02/2023 23/02/2023 Libro impreso